000 00627nam a2200181 a 4500
005 20140412111415.0
008 070809s19uu xx 00 eng d
020 _a0-590-27443-0
050 _aTR(PS) E
_bFr92 1997
100 _aCarle, Eric
245 _aFrom head to toe /
_cEric Carle.
260 _aNew York :
_bScholastic,
_cc1997.
300 _a[unp.] : col. , ill. ; cm.
520 _aEncourages the reader to exercise by following the movements of various animals; presented in a question and answer format.
650 _aPhysical fitness
_xJuvenile literature
650 _aQuestions and answers
999 _c105821
_d105821